000 01137nam a22002657a 4500
005 20100811153815.0
010 _aENG-99818
020 _a9789380190136
_c600.00
035 _aEN-83350
037 _bDBAD/PUB
082 _a304.20954
100 _aGupta,Pankaj
_915006
245 _aCulture ecology interface:
_cby Pankaj Gupta
_ba glance at a Himalayan village /
260 _aNew Delhi
_bSatyam Publishing House in association with Institute of Integrated Himalayan Studies, H.P. University
_c2010
270 _bNew Delhi
_e110002
_aN-3/25,Mohan Garden,Uttam Nagar
300 _a257p.
_c23cm (Hb)
500 _aIncludes bibliographical references (p. [254]-257).
520 _aStudy conducted at Shakrori Village of Himachal Pradesh, India.
650 _aHuman ecology |z Shakrori (Village)
_zIndia
_915007
650 _aShakrori (India : Village)
_x Social life and customs.
_915008
700 _910603
700 _910604
942 _2ddc
_cEN
_h304.20954
_mGUP
999 _c41113
_d41113